000 00510nam a2200193 u 4500
005 20210223131256.0
008 100507s2005 ve r 000 0 spa d
020 _a980388199X
035 _aUPN01000175678
049 _aCG
050 4 _aPG3457 S5
_bO7.6
100 1 _aChéjov, Antón Pávlovich,
_d1860-1904
245 1 0 _aUn oso /
_cAntón Chéjov.
260 _aCaracas :
_bEl Nacional,
_c[2005].
300 _a78 p. :
_bil.
440 0 _aArcadia ;
_v28
650 4 _aTEATRO RUSO
_915873
905 _aLibro
999 _c147781
_d147781